| 000 | 00887nam2a2200205 4500 | ||
|---|---|---|---|
| 001 | RU\NLR\PER_A\022240777_000070 | ||
| 005 | 20250702141039.0 | ||
| 035 | _a(NLR Aleph) 022542922 | ||
| 090 |
_a13410232 _c13410232 |
||
| 100 | _a20250516d2024 |||y0rusy50 ca | ||
| 101 | 0 | _arus | |
| 102 | _aRU | ||
| 200 | 0 | _a2024, № 4 (5) | |
| 210 | _d2024 | ||
| 461 | 0 |
_1001RU\NLR\BIBL_A\022240777 _12001#$aВекторы психолого-педагогических исследований$eнаучный журнал$v2024, № 4 (5) _913159625 _cРязань _d2024 - _nРедакционно-издательский отдел Академии ФСИН России _oнаучный журнал _tВекторы психолого-педагогических исследований _v2024, № 4 (5) |
|
| 852 |
_aNLR _jП23/9739 |
||
| 942 | _cISSUE | ||
| 980 | _aRUSPER | ||
| 980 | _aNB | ||